|
|
|
|
| LEADER |
00000nam0a2200000 4500 |
| 001 |
101023 |
| 005 |
20250624160627.0 |
| 035 |
|
|
|a (RuTPU)RU\TPU\book\108752
|
| 090 |
|
|
|a 101023
|
| 100 |
|
|
|a 20060830d2006 m y0rusy50 ca
|
| 101 |
0 |
|
|a rus
|
| 102 |
|
|
|a RU
|
| 105 |
|
|
|a a j 001zy
|
| 200 |
1 |
|
|a Технология стекла. Ч. 1: Приготовление стекольной шихты
|e учебное пособие
|f Н. С. Крашенинникова, О. В. Казьмина, Р. Г. Мелконян
|g Томский политехнический университет
|
| 210 |
|
|
|a Томск
|c Изд-во ТПУ
|d 2006
|
| 215 |
|
|
|a 139 с.
|c ил.
|
| 225 |
1 |
|
|a Учебники Томского политехнического университета
|
| 320 |
|
|
|a Библиогр.: с. 119-121.
|
| 330 |
|
|
|a В пособии «Технология стекла» часть первая «Приготовление стекольной шихты» описаны способы обработки и подготовки сырьевых материалов в составных цехах. Приведены сведения по оборудованию для приготовления стекольной шихты традиционным и нетрадиционными способами. Рассмотрены современные тенденции активации стекольной шихты. Специальный раздел посвящен вопросам уплотнения стекольной шихты. В разделе по стекловарению изложены сведения по порокам стекла, связанным с сырьевыми материалами и качеством шихты. Рекомендовано для обучения по курсу «Химическая технология тугоплавких неметаллических и силикатных материалов» студентов 4 курса ХТФ направления 240100 (550800) «Химическая технология и биотехнология» и по курсу «Технология стекла» для студентов 5 курса ХТФ специальности 240304 (250800) «Химическая технология тугоплавких неметаллических и силикатных материалов», а также при выполнении выпускных квалификационных и дипломных работ.
|
| 606 |
1 |
|
|a Стекольное производство
|2 stltpush
|3 (RuTPU)RU\TPU\subj\34553
|9 56474
|
| 610 |
1 |
|
|a химическая технология
|
| 610 |
1 |
|
|a стекло
|
| 610 |
1 |
|
|a стекловарение
|
| 610 |
1 |
|
|a стекольные шихты
|
| 610 |
1 |
|
|a приготовление
|
| 610 |
1 |
|
|a уплотнение
|
| 610 |
1 |
|
|a сырьевые материалы
|
| 610 |
1 |
|
|a пороки
|
| 610 |
1 |
|
|a включения
|
| 610 |
1 |
|
|a качество
|
| 610 |
1 |
|
|a учебные пособия
|
| 675 |
|
|
|a 666.11(075.8)
|v 3
|
| 700 |
|
1 |
|a Крашенинникова
|b Н. С.
|c химик-технолог
|c доцент Томского политехнического университета
|f 1947-
|g Надежда Сергеевна
|9 13898
|
| 701 |
|
1 |
|a Казьмина
|b О. В.
|c химик-технолог
|c профессор Томского политехнического университета, доктор технических наук
|f 1967-
|g Ольга Викторовна
|9 12004
|
| 701 |
|
1 |
|a Мелконян
|b Р. Г.
|g Рубен Гарегинович
|
| 712 |
0 |
2 |
|a Томский политехнический университет
|c (1991-2009)
|9 23382
|
| 801 |
|
1 |
|a RU
|b 63413507
|c 20060830
|g PSBO
|
| 801 |
|
2 |
|a RU
|b 63413507
|c 20150819
|g PSBO
|
| 850 |
|
|
|a 63413507
|
| 942 |
|
|
|c BK
|